000 00393nam a2200133 4500
999 _c511778
_d511778
008 191009b ||||| |||| 00| 0 eng d
100 _aGatade, Subhash
_912072
245 _aDear PM, please check your facts
260 _bMainstream
300 _a57(37), 31 Aug, 2019: p.24- 26.
773 _aMainstream
906 _aIndia - Jammu and Kashmir - Government and Politics
942 _2ddc
_cAR